La evolución de la política criminal, el derecho penal y el proceso penal
Gespeichert in:
| 1. Verfasser: | |
|---|---|
| Format: | Buch |
| Sprache: | Spanisch |
| Veröffentlicht: |
Valencia
Tirant lo Blanch
2000
|
| Schlagworte: | |
| Tags: |
Tag hinzufügen
Keine Tags, Fügen Sie den ersten Tag hinzu!
|
MARC
| LEADER | 00000nam a2200000 a 4500 | ||
|---|---|---|---|
| 001 | UCL7887 | ||
| 003 | CL-VaPUC | ||
| 008 | 040604e20000000SP |||||||||||||||||spa|d | ||
| 020 | |a 8484421597 | ||
| 082 | 0 | 4 | |a 345.001 |b ROX |2 21 |
| 100 | 0 | |a Roxin, Claus |e author |9 351 | |
| 245 | 1 | 3 | |a La evolución de la política criminal, el derecho penal y el proceso penal |
| 300 | |a 158 p | ||
| 942 | |c BK | ||
| 945 | |d 20040604 00:00:00 |a cmena | ||
| 260 | |a Valencia |b Tirant lo Blanch |c 2000 | ||
| 650 | 0 | |a Derecho penal español |9 368528 | |
| 650 | 0 | |a Teoría del derecho |9 255982 | |
| 650 | 0 | |a Derecho comparado |9 255664 | |
| 651 | 0 | |a España |9 254926 | |
| 583 | |a last modification |c 20040604 00:00:00 |k Rodrigo Vera | ||
| 999 | |c 309443 |d 309441 | ||
| 952 | |0 0 |1 0 |4 0 |6 345_001000000000000_ROX_2000 |7 0 |8 A |9 376884 |a BIBDER |b BIBDER |d 2019-11-21 |i 4021479 |l 6 |o 345.001 ROX 2000 |p 4021479 |r 2025-03-21 |s 2025-03-18 |w 2019-11-21 |y BK |k DER | ||